Chanson par Emojis - Statistiques

Statistiques générales
  • Ce quiz a été pris 398 fois
  • Le résultat moyen est 6 sur 15
Statistiques - réponses
Emojis Titre Artiste(s) % Correct
Papaoutai Stromae
79%
Magic in the Air Magic System
64%
Désolé Sexion d'Assaut
55%
Nightcall Kavinsky
53%
Nuit de Folie Début de Soirée
53%
Place des grands hommes Patrick Bruel
51%
Libérée, délivrée Anaïs Delva
49%
L'odeur de l'essence Orelsan
49%
Caroline MC Solaar
48%
Seven Nation Army The White Stripes
34%
Marcia Baïla Les Rita Mitsouko
32%
Harder, Better, Faster, Stronger Daft Punk
26%
La neige au Sahara Anggun
19%
Heart Shaped Box Nirvana
16%
Vertige de l'amour Alain Bashung
9%
Aucun quiz correspondant
Distribution des résultats
% des personnes avec chaque résultat
Percentile par nombre de réponses
Votre historique - résultats
Vous n’avez pas pris ce quiz